000 00765nam a2200253Ia 4500
003 OSt
005 20220928130344.0
006 a|||||r|||| 00| 0
007 ta
008 220927b |||||||| |||| 00| 0 eng d
020 _c2433.3099999999999
024 _a125106
037 _b070, 02/09/2014, Classic Book Service
_cTextual
040 _aSDCL
_cSDCL
_beng
041 _2eng
_aeng
082 _a4.3'P, Q4
100 _aHardy Jonathan
_9473664
245 0 _aCritical political economy of the media
_b An introduction.
260 _aLondon
_bRoutledge
_c2014
300 _axx;245p.
_ccm.
650 _aPolitical Science
942 _h4.3'P, Q4
_cTEXL
_2CC
999 _c786259
_d786259